| 000 | 01184nam a2200301 i 4500 | ||
|---|---|---|---|
| 001 | 000026166 | ||
| 003 | DO-SdBNP | ||
| 005 | 20260304085435.0 | ||
| 007 | ta | ||
| 008 | 110303s1988 dr c 000 0 spa d | ||
| 040 |
_aDO-SdBNP _bspa _cBNPHU _erda |
||
| 082 | 4 |
_a352.15 _bP349g _222 |
|
| 100 | 1 |
_aPeña Gomez, Jose Francisco , _d1937-1998 _eautor _4aut. _92994 |
|
| 245 | 1 | 0 |
_aGestión municipal : _b1982-1986 / _cJosé Francisco Peña Gómez ; recopilación y edición, Sara Peralta de Rathe. |
| 264 | 1 |
_aSanto Domingo : _bONAP, _c1988. |
|
| 300 |
_avolumen: _bilustraciones, retratos ; _c21 cm. |
||
| 336 |
_atexto _btxt _2rdacontent |
||
| 337 |
_asin mediación _bn _2rdamedia |
||
| 338 |
_avolumen _bnc _2rdacarrier |
||
| 500 | _aLa biblioteca posee el v.1. | ||
| 590 | _aInventariado,2018/DG | ||
| 650 | 0 |
_aGobierno municipal _zSanto Domingo (República Dominicana) _917207 |
|
| 650 | 4 |
_aPlanificación estratégica _zSanto Domingo (República Dominicana) _953167 |
|
| 700 | 1 |
_aPeralta de Rathe, Sara, _ecompilador _4comp. _953168 |
|
| 710 | 1 |
_aRepública Dominicana. _bAyuntamiento del Distrito Nacional _99535 |
|
| 910 | _aValidado. Control de calidad EMS. | ||
| 942 |
_2ddc _cLBS1 |
||
| 999 |
_c25658 _d25658 |
||